Statistics for Aurora Borealis (Northern Lights) Countries

Click here to take the quiz!

General Stats

  • This quiz has been taken 232 times
  • The average score is 9 of 9

Answer Stats

Country% Correct
Finland
99%
Norway
99%
Canada
98%
Sweden
98%
Greenland (Denmark)
97%
Iceland
96%
Russia
96%
United States
95%
United Kingdom
91%

Score Distribution

Percentile by Number Answered

Percent of People with Each Score

Your Score History

You have not taken this quiz